000 00491nam a2200169 a 4500
001 000040772
005 20201002034352.0
008 130906s2012 sp 000 0 spa d
020 _a9788478842001
040 _aDO-SdBNP
_bspa
_cBNPHU
245 0 3 _aLa reforma educacional Chilena /
_cJuan Eduardo García ...[et.al].
250 _a2a. ed.
260 _aMadrid :
_bEditora Popular,
_c2012.
300 _a335 p. ;
_c25 cm.
504 _aBibliografía
700 1 _aGarcía, Juan Eduardo
_967180
999 _c40262
_d40262